[Event "Sandton SWVG blitz op"]
[Site "Sandton"]
[Date "2019.05.19"]
[Round "7"]
[White "Khumalo, Keith"]
[Black "Lekgau, Mothupi"]
[Result "1-0"]
[WhiteElo "1916"]
[BlackElo "1825"]
[PlyCount "77"]
[EventDate "2019.05.19"]
[EventType "swiss (blitz)"]
[EventRounds "10"]
[EventCountry "RSA"]
[SourceTitle "CBM 190 Extra"]
[Source "ChessBase"]
[SourceDate "2019.07.15"]
[SourceVersion "1"]
[SourceVersionDate "2019.07.15"]
[SourceQuality "1"]

1. d4 Nf6 2. c4 g6 3. Nc3 Bg7 4. e4 d6 5. Bd3 0-0 6. Nge2 c5 7. d5 Ne8 8. 0-0 Nc7 9. Rb1 a5 10. a3 Nd7 11. Bc2 Ne5 12. b3 a4 13. Nxa4 b5 14. Nb6 Rb8 15. Nxc8 Qxc8 16. cxb5 Nxb5 17. a4 Nc7 18. f4 Ng4 19. h3 Nf6 20. Bd3 Na6 21. Ng3 c4 22. Bxc4 Qc5+ 23. Kh1 Nb4 24. Qe2 h5 25. Be3 Qc7 26. Rfc1 h4 27. Nf1 Nxe4 28. Bd2 Nxd2 29. Nxd2 Qd7 30. Nf3 Qf5 31. Qxe7 Qxf4 32. Qxh4 Qe3 33. Re1 Qc5 34. Ng5 Rfe8 35. Rf1 Re7 36. Qh7+ Kf8 37. Qxg6 Rbe8 38. Ne6+ Kg8 39. Qxg7# 1-0

[Event "Sandton SWVG blitz op"]
[Site "Sandton"]
[Date "2019.05.19"]
[Round "6"]
[White "Lekgau, Mothupi"]
[Black "Grover, Sahaj"]
[Result "0-1"]
[WhiteElo "1825"]
[BlackElo "2487"]
[PlyCount "58"]
[EventDate "2019.05.19"]
[EventType "swiss (blitz)"]
[EventRounds "10"]
[EventCountry "RSA"]
[SourceTitle "CBM 190 Extra"]
[Source "ChessBase"]
[SourceDate "2019.07.15"]
[SourceVersion "1"]
[SourceVersionDate "2019.07.15"]
[SourceQuality "1"]

1. e4 e6 2. d4 d5 3. exd5 exd5 4. Bd3 Nc6 5. Ne2 Bg4 6. f3 Bh5 7. Nbc3 Bb4 8. Bf4 Nge7 9. Qd2 Qd7 10. 0-0-0 0-0-0 11. Kb1 Bg6 12. Bg3 Bxd3 13. Qxd3 Qf5 14. Qb5 a6 15. Qa4 h5 16. h4 Qg6 17. Rhg1 Bxc3 18. bxc3 Nf5 19. Bf2 Nd6 20. Nf4 Qf5 21. Be3 Rhe8 22. Bc1 Nc4 23. g4 hxg4 24. fxg4 Qe4 25. Rge1 Qxe1 26. Rxe1 Rxe1 27. Nxd5 Rxd5 28. Qxc4 Rb5+ 29. Qxb5 axb5 0-1

[Event "RSA-chT Regions"]
[Site "Cape Town"]
[Date "2016.01.09"]
[Round "5.1"]
[White "Bezuidenhout, Roland Reinhold"]
[Black "Lekgau, Mothupi"]
[Result "1-0"]
[WhiteElo "2035"]
[BlackElo "1952"]
[PlyCount "21"]
[EventDate "2016.01.08"]
[EventType "team-swiss"]
[EventRounds "7"]
[EventCountry "RSA"]
[SourceTitle "CBM 170 Extra"]
[Source "ChessBase"]
[SourceDate "2016.02.25"]
[SourceVersion "1"]
[SourceVersionDate "2016.02.25"]
[SourceQuality "1"]
[WhiteTeam "Tshwane II"]
[BlackTeam "Johannesburg Metro"]
[WhiteTeamCountry "RSA"]
[BlackTeamCountry "RSA"]

1. e4 e5 2. Nf3 Nc6 3. Bc4 Bc5 4. b4 Bxb4 5. c3 Ba5 6. d4 d6 7. Qb3 Qd7 8. dxe5 dxe5 9. 0-0 Nf6 10. Rd1 Qe7 11. Ba3 1-0

[Event "RSA-chT Regions"]
[Site "Cape Town"]
[Date "2016.01.09"]
[Round "3.1"]
[White "Lekgau, Mothupi"]
[Black "Odendaal, Frederick"]
[Result "0-1"]
[WhiteElo "1952"]
[BlackElo "2004"]
[PlyCount "76"]
[EventDate "2016.01.08"]
[EventType "team-swiss"]
[EventRounds "7"]
[EventCountry "RSA"]
[SourceTitle "CBM 170 Extra"]
[Source "ChessBase"]
[SourceDate "2016.02.25"]
[SourceVersion "1"]
[SourceVersionDate "2016.02.25"]
[SourceQuality "1"]
[WhiteTeam "Johannesburg Metro"]
[BlackTeam "Nelson Mandela Bay"]
[WhiteTeamCountry "RSA"]
[BlackTeamCountry "RSA"]

1. e4 c5 2. Nf3 Nc6 3. d4 cxd4 4. Nxd4 g6 5. Bc4 Bg7 6. Be3 Nf6 7. Nc3 Qa5 8. 0-0 0-0 9. Bb3 d6 10. h3 Bd7 11. f4 Rac8 12. Rc1 a6 13. f5 Ne5 14. fxg6 hxg6 15. Bg5 Bc6 16. Nxc6 bxc6 17. Qe2 Rc7 18. Qf2 Nf3+ 19. Qxf3 Qxg5 20. Qd3 a5 21. Rcd1 Nd7 22. Qa6 Bxc3 23. bxc3 Qe3+ 24. Kh1 Qxc3 25. Rd3 Qc5 26. Rg3 Kg7 27. Qe2 Qe5 28. Qe3 Nf6 29. Rgf3 d5 30. exd5 Qxe3 31. Rxe3 cxd5 32. g4 e6 33. Kg2 Ne4 34. Rd1 f5 35. gxf5 exf5 36. Kh2 Kf6 37. Rg1 d4 38. Re2 a4 0-1

[Event "RSA-chT Regions"]
[Site "Cape Town"]
[Date "2016.01.08"]
[Round "2.1"]
[White "Kobese, Watu"]
[Black "Lekgau, Mothupi"]
[Result "1/2-1/2"]
[WhiteElo "2316"]
[BlackElo "1952"]
[PlyCount "126"]
[EventDate "2016.01.08"]
[EventType "team-swiss"]
[EventRounds "7"]
[EventCountry "RSA"]
[SourceTitle "CBM 170 Extra"]
[Source "ChessBase"]
[SourceDate "2016.02.25"]
[SourceVersion "1"]
[SourceVersionDate "2016.02.25"]
[SourceQuality "1"]
[WhiteTeam "Western Province"]
[BlackTeam "Johannesburg Metro"]
[WhiteTeamCountry "RSA"]
[BlackTeamCountry "RSA"]

1. e4 e5 2. Nf3 Nc6 3. Bb5 a6 4. Ba4 Nf6 5. 0-0 Be7 6. Re1 b5 7. Bb3 0-0 8. d4 d6 9. c3 h6 10. Nbd2 Re8 11. a4 Bb7 12. Nf1 Bf8 13. Ng3 exd4 14. cxd4 Nb4 15. d5 c5 16. dxc6 Bxc6 17. Nd4 Bxe4 18. Nxe4 Rxe4 19. Rxe4 Nxe4 20. axb5 axb5 21. Ra3 Rc8 22. Be3 Qf6 23. h3 d5 24. Ra5 Bc5 25. Rxb5 Qa6 26. Rxb4 Bxb4 27. Bxd5 Nf6 28. Bb3 Bc5 29. Nf5 Bxe3 30. Ne7+ Kh8 31. Nxc8 Bxf2+ 32. Kxf2 Qxc8 33. Qd4 Qf5+ 34. Kg1 Nd7 35. Qf2 Qb1+ 36. Kh2 f6 37. Qd4 Qe1 38. Qd5 Qe5+ 39. Qxe5 fxe5 40. Kg3 g6 41. Kf3 Kg7 42. Bc4 Kf6 43. Ke4 Nb6 44. b3 h5 45. g3 g5 46. g4 h4 47. Bd3 Ke6 48. Bc4+ Kf6 49. Bd5 Nc8 50. b4 Nd6+ 51. Kd3 Ke7 52. Bc6 Kd8 53. Kc3 Kc7 54. b5 Kb6 55. Kb4 e4 56. Kc3 Kc5 57. Kd2 Kd4 58. Ke2 Nc4 59. Be8 Nb6 60. Bf7 Na4 61. Be8 Nc3+ 62. Ke1 Nd5 63. Bc6 Nb6 1/2-1/2